The healing power of garlic / (Record no. 76468)

MARC details
000 -LEADER
fixed length control field 00574nam a22001937a 4500
005 - DATE AND TIME OF LATEST TRANSACTION
control field 20130611144020.0
010 ## - LCCN (DPL NO)
LC control number ENG-107551
020 ## - INTERNATIONAL STANDARD BOOK NUMBER
International Standard Book Number 9788122202199
Terms of availability 295.00
035 ## - SYSTEM CONTROL NUMBER
System control number EN-91084
037 ## - SOURCE OF ACQUISITION
Source of stock number/acquisition DBAD/PUB
082 ## - DEWEY DECIMAL CLASSIFICATION NUMBER
Classification number 615.852
100 ## - MAIN ENTRY--PERSONAL NAME
Personal name Bergner, Paul
245 ## - TITLE STATEMENT
Title The healing power of garlic /
Statement of responsibility, etc by Paul Bergner
260 ## - PUBLICATION, DISTRIBUTION, ETC. (IMPRINT)
Place of publication, distribution, etc New Delhi
Name of publisher, distributor, etc Orient Paperbacks
Date of publication, distribution, etc 2012
270 ## - ADDRESS
Address 5A/8 Ansari Road
City New Delhi
Postal code 110002
300 ## - PHYSICAL DESCRIPTION
Extent 263p.
Dimensions 22cm(pbk)
500 ## - GENERAL NOTE
General note Includes bibliographical references and index
942 ## - ADDED ENTRY ELEMENTS (KOHA)
Source of classification or shelving scheme Dewey Decimal Classification
Item type English Books
Call number suffix BER
Classification part 615.852
Holdings
Withdrawn status Lost status Not for loan Collection code Home library Current library Date acquired Source of acquisition Cost, normal purchase price Full call number Barcode Copy number Cost, replacement price Koha item type
    Not For Loan Non-fiction D.B.Act.Division D.B.Act.Division 05/06/2013 DBAD/PUB 295.00 615.852 BER EN-91084 1 295.00 English Books

© Delhi Public Library
Hit Counter
free hit counter